La nación de las plantas /

Con gran originalidad, en este libro el autor propone una Constitución redactada por las plantas para crear una regulación de su propia Nación; se trata de un texto redactado mediante ocho artículos en que se exponen los principios generales que regulan la convivencia en el mundo vegetal, así mismo,...

Täydet tiedot

Tallennettuna:
Bibliografiset tiedot
Päätekijä: Mancuso, Stefano (autor)
Aineistotyyppi: Kirja
Kieli:espanja
Julkaistu: Barcelona, España : Galaxia Gutenberg, 2023, c2020
Painos:4a edición
Aiheet:
Tagit: Lisää tagi
Ei tageja, Lisää ensimmäinen tagi!

MARC

LEADER 00000nam^a2200000^a^4500
001 000579168
005 20250521000000.0
009 20260310132524.111
020 |a 978-84-17971-55-7 
037 |a Acervo ITESO - Biblioteca 
041 |a ESP 
082 |a 581.  |b MAN 
100 |a Mancuso, Stefano  |e (autor) 
245 1 3 |a La nación de las plantas /  |c S. Mancuso ; tr. por David Paradela López. 
250 |a 4a edición 
264 4 |a Barcelona, España :  |b Galaxia Gutenberg,  |c 2023, c2020 
300 |a 117 p. 
336 |a texto  |b txt  |2 rdacontenido 
337 |a sin mediación  |b n  |2 rdamedio 
338 |a volumen  |b nc  |2 rdasoporte 
500 |a Traducción de: La nazione delle piante 
520 |a Con gran originalidad, en este libro el autor propone una Constitución redactada por las plantas para crear una regulación de su propia Nación; se trata de un texto redactado mediante ocho artículos en que se exponen los principios generales que regulan la convivencia en el mundo vegetal, así mismo, se establecen también una serie de normas cuyo sujeto son todos los seres vivos del planeta. 
521 |a FIL 2023 DIA 
649 |a XX 
650 |a Plantas -  |x Aspectos Jurídicos -  |x Tema Principal 
650 |a Plantas -  |x Tema Principal 
650 |a Comunidades de Plantas 
650 |a Ecología Vegetal 
650 |a Desarrollo Sustentable 
650 |a Biogeografía 
650 |a Botánica -  |x Tema Principal 
650 |a Ciencias Naturales 
910 |a Fondo General 
920 |a Impresos - Libros 
930 |a Colección General 
905 |a 101 
901 |a 0500405704  |b IT1  |c ACC  |i C184801  |u 20250521 
902 |a https://opac.biblio.iteso.mx/vufind/Record/000579168